Polskie kluby piłkarskie 2024/2025 - Statystyki

Ogólne statystyki
  • Ten quiz został rozwiązany 422 razy
  • Średni wynik to 36 z 54
Statystyki odpowiedzi
Hint Odpowiedź % Poprawnych
Ekstraklasa Lech Poznań
97%
Ekstraklasa Legia Warszawa
97%
Ekstraklasa Pogoń Szczecin
91%
Ekstraklasa Cracovia
90%
Ekstraklasa Lechia Gdańsk
90%
Betclic 1. Liga Arka Gdynia
89%
Betclic 1. Liga Wisła Kraków
89%
Ekstraklasa Śląsk Wrocław
88%
Ekstraklasa Motor Lublin
87%
Ekstraklasa Widzew Łódź
87%
Ekstraklasa GKS Katowice
86%
Ekstraklasa Raków Częstochowa
86%
Ekstraklasa Górnik Zabrze
85%
Betclic 1. Liga ŁKS Łódź
85%
Ekstraklasa Jagiellonia Białystok
84%
Ekstraklasa Zagłębie Lubin
83%
Ekstraklasa Korona Kielce
81%
Ekstraklasa Stal Mielec
81%
Ekstraklasa Piast Gliwice
80%
Betclic 1. Liga Wisła Płock
79%
Betclic 1. Liga Polonia Warszawa
77%
Ekstraklasa Puszcza Niepołomice
77%
Ekstraklasa Radomiak Radom
77%
Betclic 1. Liga Ruch Chorzów
74%
Betclic 1. Liga Warta Poznań
74%
Betclic 1. Liga Bruk-Bet Termalica Nieciecza
68%
Betclic 2. Liga Wieczysta Kraków
68%
Betclic 1. Liga Stal Rzeszów
67%
Betclic 1. Liga GKS Tychy
65%
Betclic 1. Liga Odra Opole
65%
Betclic 1. Liga Miedź Legnica
63%
Betclic 2. Liga Zagłębie Sosnowiec
63%
Betclic 2. Liga Polonia Bytom
62%
Betclic 1. Liga Pogoń Siedlce
58%
Betclic 2. Liga Resovia Rzeszów
58%
Betclic 1. Liga Stal Stalowa Wola
58%
Betclic 1. Liga Górnik Łęczna
57%
Betclic 1. Liga Kotwica Kołobrzeg
57%
Betclic 1. Liga Znicz Pruszków
56%
Betclic 2. Liga Hutnik Kraków
52%
Betclic 1. Liga Chrobry Głogów
51%
Betclic 2. Liga Podbeskidzie Bielsko-Biała
48%
Betclic 2. Liga Pogoń Grodzisk Mazowiecki
48%
Betclic 2. Liga Chojniczanka
44%
Betclic 2. Liga KKS Kalisz
44%
Betclic 2. Liga Olimpia Elbląg
42%
Betclic 2. Liga Olimpia Grudziądz
42%
Betclic 2. Liga Wisła Puławy
38%
Betclic 2. Liga GKS Jastrzębie
37%
Betclic 2. Liga Skra Częstochowa
37%
Betclic 2. Liga Świt Szczecin
36%
Betclic 2. Liga ŁKS II Łódź
33%
Betclic 2. Liga Rekord Bielsko-Biała
32%
Betclic 2. Liga Zagłębie II Lubin
22%
Nie znaleziono quizów pasujących do podanych kryteriów
Rozkład punktacji
Procent ludzi z każdym wynikiem
Percentyl według liczby udzielonych odpowiedzi
Twoja historia wyników
Nie rozwiązałeś tego quizu